Life of the venerable Goncalo da Silveira of the society of Jesus (Record no. 130410)
[ view plain ]
| 000 -LEADER | |
|---|---|
| fixed length control field | 00523nam a22001457a 4500 |
| 008 - FIXED-LENGTH DATA ELEMENTS--GENERAL INFORMATION | |
| fixed length control field | 200317b ||||| |||| 00| 0 eng d |
| 020 ## - INTERNATIONAL STANDARD BOOK NUMBER | |
| International Standard Book Number | 9780991311293 |
| 050 ## - LIBRARY OF CONGRESS CALL NUMBER | |
| Classification number | BX3756.S5 |
| Item number | C433 |
| 100 ## - MAIN ENTRY--PERSONAL NAME | |
| Personal name | Chadwick, Hubert |
| 9 (RLIN) | 49674 |
| 245 ## - TITLE STATEMENT | |
| Title | Life of the venerable Goncalo da Silveira of the society of Jesus |
| Remainder of title | pioneer missionary and photo-martyr of Southern Africa |
| Statement of responsibility, etc | Hubert Chadwick |
| 260 ## - PUBLICATION, DISTRIBUTION, ETC. (IMPRINT) | |
| Place of publication, distribution, etc | New York |
| Name of publisher, distributor, etc | Dolorosa Press |
| Date of publication, distribution, etc | 2018 |
| 300 ## - PHYSICAL DESCRIPTION | |
| Extent | x, 117p. ; |
| Dimensions | 15cm. |
| 600 ## - SUBJECT ADDED ENTRY--PERSONAL NAME | |
| Personal name | Silveira, Goncalo da |
| 9 (RLIN) | 49672 |
| 942 ## - ADDED ENTRY ELEMENTS (KOHA) | |
| Source of classification or shelving scheme | Library of Congress Classification |
| Item type | Monograph ( Printed materials) |
| Withdrawn status | Lost status | Source of classification or shelving scheme | Damaged status | Not for loan | Collection code | Home library | Current library | Shelving location | Date acquired | Total Checkouts | Full call number | Barcode | Date last seen | Price effective from | Koha item type |
|---|---|---|---|---|---|---|---|---|---|---|---|---|---|---|---|
| Library of Congress Classification | Main Collection | ARRUPE LIBRARY | ARRUPE LIBRARY | Main Collection | 17/03/2020 | BX3756.S5 C433 | 46600006771 | 17/03/2020 | 17/03/2020 | Monograph ( Printed materials) |